LEADER 04105nam 22005772 450 001 9910136611503321 005 20160909115309.0 010 $a1-316-98166-5 010 $a1-316-98388-9 010 $a1-316-98425-7 010 $a1-316-98462-1 010 $a1-316-61206-6 010 $a1-316-67129-1 010 $a1-316-98610-1 010 $a1-316-98499-0 035 $a(CKB)3710000000894280 035 $a(EBL)4697963 035 $a(UkCbUP)CR9781316671290 035 $a(MiAaPQ)EBC4697963 035 $a(PPN)199316325 035 $a(EXLCZ)993710000000894280 100 $a20151203d2016|||| uy| 0 101 0 $aeng 135 $aur||||||||||| 181 $ctxt$2rdacontent 182 $cc$2rdamedia 183 $acr$2rdacarrier 200 00$aEthnic minorities and politics in post-socialist Southeastern Europe /$fedited by Sabrina Ramet, Norwegian University of Science and Technology, Trondheim, Marko Valenta, Norwegian University of Science and Technology, Trondheim$b[electronic resource] 210 1$aCambridge :$cCambridge University Press,$d2016. 215 $a1 online resource (xviii, 302 pages) $cdigital, PDF file(s) 300 $aTitle from publisher's bibliographic system (viewed on 06 Sep 2016). 311 $a1-107-15912-1 311 $a1-316-98573-3 320 $aIncludes bibliographical references and index. 327 $aSituating ethnic minorities in post-socialist Southeastern Europe : an introduction / Marko Valenta & Sabrina P. Ramet -- Ethnic politics in post-socialist Southeastern Europe : an overview / Janusz Bugajski -- Social distance toward ethnic minorities in Croatia, Serbia, Montenegro, Macedonia, and Kosovo : a comparative analysis / Zan Strabac & Marko Valenta -- Ethnic minority parties of Romania / Aurel Braun -- Albanian political parties in Macedonia / Zachary T. Irwin -- The organization and political position of Serbs in Croatia / Filip Skiljan -- For the love of homeland : Croat ethnic party politics in Bosnia-Herzegovina / Jelena Subotic -- Ethnic minority parties in Montenegro : from marginalisation to integration / Kenneth Morrison -- The Movement for Rights and Freedoms in Bulgaria : beyond the ethnic vote / Maria Spirova -- Bosniak politics in Serbia : the struggle for recognition, emancipation, and historical revisionism / Aleksander Zdrdavkovski -- Hungarian society in Romania : political project and practical reality / Irina Culic, Milan Mesic & Dragan Bagic -- Nationalizing citizenship : the case of unrecognized ethnic minorities in Slovenia / Mojca Pajnik -- Ethnic boundaries and the position of minority groups in Croatian Istria / Marko Valenta, S. Gregurovic and Zan Strabac -- Ethnic boundaries and politics in Kosovo / Fred Cocozzelli -- Afterword : a few thoughts about autonomy and separatism / Sabrina P. Ramet. 330 $aSoutheast European politics cannot be understood without taking ethnic minorities into account. This book provides a comprehensive introduction to the politics of ethnic minorities, examining both their political parties and issues of social distance, migration, and ethnic boundaries, as well as issues related to citizenship and integration. Coverage includes detailed analyses of Hungarian minority parties in Romania, Albanian minority parties in Macedonia, Serb minority parties in Croatia, Bosniak minority parties in Serbia, and various minority parties in Montenegro, as well as the Movement for Rights and Freedoms, a largely Turkish party, in Bulgaria. 606 $aMinorities$xPolitical activity$zBalkan Peninsula 606 $aPost-communism$zBalkan Peninsula 607 $aBalkan Peninsula$xPolitics and government$y1989- 615 0$aMinorities$xPolitical activity 615 0$aPost-communism 676 $a323.1496 686 $aPOL040020$2bisacsh 702 $aRamet$b Sabrina P.$f1949- 702 $aValenta$b Marko 801 0$bUkCbUP 801 1$bUkCbUP 906 $aBOOK 912 $a9910136611503321 996 $aEthnic minorities and politics in post-socialist Southeastern Europe$92583414 997 $aUNINA LEADER 02123oam 2200589 450 001 9910707363603321 005 20160715145737.0 035 $a(CKB)5470000002463881 035 $a(OCoLC)885120975 035 $a(EXLCZ)995470000002463881 100 $a20140802d1960 ua 0 101 0 $aeng 135 $aurn|||||||||| 181 $ctxt$2rdacontent 181 $ccri$2rdacontent 182 $cc$2rdamedia 183 $acr$2rdacarrier 200 10$aBeryl-bearing pegmatites in the Ruby Mountains and other areas in Nevada and northwestern Arizona /$fby Jerry C. Olson and E. Neal Hinrichs 210 1$aWashington, D.C. :$cUnited States Department of the Interior, Geological Survey,$d1960. 210 2$aWashington, D.C. :$cGovernment Printing Office. 215 $a1 online resource (v, 135-200 pages, 3 pages of plates) $cillustrations, maps 225 1 $aGeological Survey bulletin ;$v1082-D 225 1 $aContributions to economic geology 300 $a"Prepared on behalf of the U.S. Atomic Energy Commission and is published with the permission of the Commission." 300 $aTitle from title screen (viewed July 23, 2014). 320 $aIncludes bibliographical references (pages 197-198) and index. 606 $aPegmatites$zArizona 606 $aPegmatites$zNevada$zRuby Mountains 606 $aPegmatites$zNevada 606 $aPegmatites$2fast 607 $aArizona$2fast 607 $aNevada$2fast 607 $aNevada$zRuby Mountains$2fast 615 0$aPegmatites 615 0$aPegmatites 615 0$aPegmatites 615 7$aPegmatites. 700 $aOlson$b J. C$g(Jerry Chipman),$f1917-2013,$01392464 702 $aHinrichs$b E. Neal 712 02$aGeological Survey (U.S.), 712 02$aU.S. Atomic Energy Commission, 801 0$bCOP 801 1$bCOP 801 2$bOCLCO 801 2$bOCLCA 801 2$bOCLCF 801 2$bTRAAL 801 2$bGPO 906 $aBOOK 912 $a9910707363603321 996 $aBeryl-bearing pegmatites in the Ruby Mountains and other areas in Nevada and northwestern Arizona$93496116 997 $aUNINA